[Event "DESC V0076 email"]
[Site "DESC email"]
[Date "2001.05.01"]
[Round "1"]
[White "Meyerhans, Franz"]
[Black "Vetter, Udo"]
[Result "0-1"]
[WhiteElo "1200"]
[BlackElo "1796"]
[PlyCount "36"]
[EventDate "2001.??.??"]
[EventType "tourn (corr)"]
[EventRounds "6"]
[EventCountry "GER"]
[SourceTitle "Corr 2008"]
[Source "ChessBase"]
[SourceDate "2008.06.24"]
[SourceVersion "1"]
[SourceVersionDate "2008.06.24"]
[SourceQuality "1"]

1. e4 c6 2. d4 d5 3. exd5 cxd5 4. Nc3 Nf6 5. Bg5 Nc6 6. Bb5 Bg4 7. Nf3 e6 8. 0-0 Bd6 9. h3 Bh5 10. Re1 0-0 11. Bxc6 bxc6 12. Qd2 Bxf3 13. gxf3 Rb8 14. Ne4 dxe4 15. fxe4 Rxb2 16. e5 Bb4 17. Qc1 Bxe1 18. Qxb2 Bxf2+ 0-1

[Event "DESC V0076 email"]
[Site "DESC email"]
[Date "2001.05.01"]
[Round "1"]
[White "Rohde, Matse"]
[Black "Meyerhans, Franz"]
[Result "1-0"]
[WhiteElo "1945"]
[BlackElo "1200"]
[PlyCount "33"]
[EventDate "2001.??.??"]
[EventType "tourn (corr)"]
[EventRounds "6"]
[EventCountry "GER"]
[SourceTitle "Corr 2008"]
[Source "ChessBase"]
[SourceDate "2008.06.24"]
[SourceVersion "1"]
[SourceVersionDate "2008.06.24"]
[SourceQuality "1"]

1. e4 e5 2. Nf3 d5 3. exd5 Qxd5 4. Nc3 Qd6 5. Bc4 Nf6 6. Ng5 Be6 7. Nxe6 fxe6 8. Qf3 Nc6 9. Bb5 0-0-0 10. Bxc6 Qxc6 11. Qxc6 bxc6 12. d3 Bb4 13. Bd2 Nd5 14. Ne4 Bxd2+ 15. Kxd2 Nf6 16. Rae1 Nxe4+ 17. Rxe4 1-0